000 01104pam a2200349 i 4500
003 EG-GICUC
005 20260427090939.0
008 920514s1992 mnu fr 001 0 eng d
020 _a0314009299
_qalk. paper
020 _a9780314009296
_q(alk. paper)
040 _aDLC
_cDLC
_dDLC
_dEG-GICUC
_beng
_erda
043 _an-us---
050 0 0 _aKF975
_b.L68 1992
082 0 0 _a332.1
_221
092 0 4 _221
099 _aLaw 13 1992
100 1 _aLovett, William Anthony.
245 1 0 _aBanking and financial institutions law in a nutshell /
_cby William A. Lovett.
250 _a3rd edition.
264 _aSt. Paul, Minn. :
_bWest Pub. Co.,
_c1992.
300 _axv, xv, 470 pages ;
_c19 cm.
336 _atext
_2rdacontent
337 _aComputer
_2rdamedia
338 _aOnline Resource
_2rdacarrier
440 0 _aNutshell series
500 _aIncludes index.
650 0 _aBanking law
_zUnited States.
650 0 _aFinancial institutions
_xLaw and legislation
_zUnited States.
856 4 0 _uhttps://fll.law.cu.edu.eg/fulltext/bks/ENGB13-00081.pdf
905 _a10
942 _2ddc
_cBK
_e21
_n0
999 _c73562
_d73562